| 000 | 01509nam0a22002891 4500 | ||
|---|---|---|---|
| 001 | rc\1005099 | ||
| 005 | 20041129102015.2 | ||
| 035 | _a(NLR Aleph) 006171023 | ||
| 090 |
_a5964611 _c5964611 |
||
| 100 | _a20041129d1981 u |0rusy50 ca | ||
| 101 | 0 | _arus | |
| 102 | _aRU | ||
| 105 | _aa ||||||||| | ||
| 200 | 1 |
_aМетодологические аспекты отраслевого управления природоохранными мероприятиями и рациональным использованием минеральных ресурсов нефтегазовых месторождений _f[А.Г. Бордюгов, И.С. Тышляр, Г.П. Пикалов] |
|
| 210 |
_aМ. _cВНИИЭгазпром _d1981 |
||
| 215 |
_a54 с. _cил. _d20 |
||
| 225 | 1 |
_aГазовая промышленность _iСерия "Природный газ и защита окружающей среды" _eОбзор. информ. _fВНИИ экономики, орг. пр-ва и техн.-экон. информ. в газовой пром-сти _vВып. 4 |
|
| 300 | _aВ надзаг. также: М-во газовой пром-сти | ||
| 320 | _aБиблиогр.: с. 53-54 | ||
| 700 | 1 |
_aБордюгов _bА. Г. _gАнатолий Григорьевич |
|
| 701 | 1 |
_aТышляр _bИ. С. _gИгорь Семенович |
|
| 701 | 1 |
_aПикалов _bГ. П. |
|
| 801 | 0 |
_aRU _bNLR _gpsbo |
|
| 801 | 1 |
_aRU _bELAR _2rusmarc |
|
| 852 |
_aNLR _jП10/5464 |
||
| 942 | _cBOOK | ||
| 980 | _aNB | ||